<?xml version="1.0" encoding="UTF-8"?>
<record
    xmlns:xsi="http://www.w3.org/2001/XMLSchema-instance"
    xsi:schemaLocation="http://www.loc.gov/MARC21/slim http://www.loc.gov/standards/marcxml/schema/MARC21slim.xsd"
    xmlns="http://www.loc.gov/MARC21/slim">

  <leader>00725nab a2200205 uc4500</leader>
  <controlfield tag="001">653985</controlfield>
  <controlfield tag="003">OSt</controlfield>
  <controlfield tag="005">20240201162501.0</controlfield>
  <controlfield tag="008">010323e20001201                    spa  </controlfield>
  <datafield tag="035" ind1=" " ind2=" ">
    <subfield code="a">653985</subfield>
  </datafield>
  <datafield tag="035" ind1=" " ind2=" ">
    <subfield code="a">(OCoLC)819902798</subfield>
  </datafield>
  <datafield tag="040" ind1=" " ind2=" ">
    <subfield code="c">comduadb</subfield>
  </datafield>
  <datafield tag="041" ind1=" " ind2=" ">
    <subfield code="a">spa</subfield>
  </datafield>
  <datafield tag="110" ind1="2" ind2="0">
    <subfield code="a">Fundacion Universitaria  Luis Amigo. Facultad de Educacion</subfield>
    <subfield code="4">aut</subfield>
    <subfield code="e">aut</subfield>
    <subfield code="9">825975</subfield>
  </datafield>
  <datafield tag="245" ind1="1" ind2="0">
    <subfield code="a">De la pedagog&#xED;a amigoniana a las pedagog&#xED;as frente al conflicto</subfield>
  </datafield>
  <datafield tag="650" ind1=" " ind2=" ">
    <subfield code="a">Pedagogia amigoniana</subfield>
    <subfield code="9">74448</subfield>
  </datafield>
  <datafield tag="650" ind1=" " ind2=" ">
    <subfield code="a">Pedagogia - Metodologia de la investigacion</subfield>
    <subfield code="9">16031</subfield>
  </datafield>
  <datafield tag="773" ind1="0" ind2=" ">
    <subfield code="t">Revista Fundaci&#xF3;n Universitaria Luis Amig&#xF3; (Medell&#xED;n)</subfield>
    <subfield code="g">No. 03, Dic. 2000, p. 113-122</subfield>
    <subfield code="w">578223</subfield>
    <subfield code="x">0123-9864</subfield>
    <subfield code="0">148000</subfield>
  </datafield>
  <datafield tag="942" ind1=" " ind2=" ">
    <subfield code="c">ARIMP</subfield>
    <subfield code="2">ddc</subfield>
  </datafield>
  <datafield tag="999" ind1=" " ind2=" ">
    <subfield code="c">187219</subfield>
    <subfield code="d">187219</subfield>
  </datafield>
</record>
